Border Countries Quiz Stats

 Plays Quiz Updated Feb 13, 2019

     
Support Sporcle.
Go Orange.
Score 0/157 Timer 09:00
22 Plays Today
Country Bordering Country % Correct
IraqIran...
72.6%
PolandBelarus...
72.5%
IndiaBhutan...
72%
ItalySwitzerland...
72%
UkraineMoldova...
71.9%
SpainPortugal...
71.7%
Saudi ArabiaQatar...
71.6%
AustriaHungary...
71.6%
AfghanistanPakistan...
71.5%
IranIraq...
71.4%
ArgentinaChile...
71.4%
ChileArgentina...
70.5%
PeruEcuador...
70.5%
SwitzerlandFrance...
70.2%
FinlandSweden...
69.9%
GermanyPoland...
69.9%
BrazilUruguay...
69.7%
ColombiaVenezuela...
69.5%
MexicoUnited States...
69.5%
NigerNigeria...
69.2%
North KoreaSouth Korea...
68.9%
IsraelLebanon...
68.9%
TurkeyAzerbaijan...
68.7%
NorwayFinland...
68.5%
LaosVietnam...
68.4%
BelgiumLuxembourg...
68.4%
FranceGermany...
68.4%
ChinaMongolia...
68.2%
EgyptSudan...
68.2%
LuxembourgBelgium...
68.1%
PakistanAfghanistan...
67.9%
BoliviaParaguay...
67.9%
KazakhstanTurkmenistan...
67.8%
NetherlandsBelgium...
67.5%
HungaryAustria...
67.4%
EthiopiaEritrea...
67.3%
JordanSyria...
67.2%
GreeceNorth Macedonia...
67.2%
BelarusRussia...
67.1%
RussiaChina...
67.1%
PalestineIsrael...
67.1%
South AfricaLesotho...
67%
United StatesCanada...
67%
RomaniaBulgaria...
66.9%
LibyaTunisia...
66.7%
SerbiaCroatia...
66.7%
LatviaEstonia...
66.5%
CanadaUnited States
66.4%
SwedenNorway...
66.2%
ThailandMyanmar...
66%
CzechiaSlovakia...
66%
AlgeriaMorocco...
65.5%
CroatiaSerbia...
65.5%
Country Bordering Country % Correct
LithuaniaLatvia...
65.5%
SyriaJordan...
65.4%
SudanEgypt...
65.3%
CambodiaLaos...
65.2%
IrelandUnited Kingdom
65.2%
ParaguayBolivia...
65.1%
PortugalSpain
65%
South KoreaNorth Korea
65%
SlovakiaCzechia...
65%
VietnamCambodia...
65%
United KingdomIreland
64.9%
KenyaUganda...
64.8%
MyanmarThailand...
64.8%
Vatican CityItaly
64.6%
ChadSudan...
64.5%
BulgariaRomania...
64.4%
VenezuelaColombia...
64.3%
OmanYemen...
64.3%
NigeriaNiger...
64.1%
ZimbabweZambia...
64.1%
Bosnia and HerzegovinaSerbia...
64%
GeorgiaArmenia...
63.9%
GuatemalaHonduras...
63.7%
North MacedoniaGreece...
63.6%
AzerbaijanTurkey...
63.6%
UruguayBrazil...
63.4%
BangladeshMyanmar...
63.3%
MontenegroKosovo...
62.7%
United Arab EmiratesSaudi Arabia...
62.6%
MongoliaRussia...
62%
Central African RepublicChad...
61.9%
YemenOman...
61.9%
Dem. Rep. of the CongoRepublic of the Congo...
61.8%
EstoniaLatvia...
61.5%
NepalChina...
61.4%
MalaysiaBrunei...
61.4%
DenmarkGermany
61.4%
AndorraSpain...
61.4%
UzbekistanTajikistan...
61%
KuwaitIraq...
61%
HondurasNicaragua...
60.6%
EcuadorPeru...
60.5%
KosovoAlbania...
60.5%
TurkmenistanKazakhstan...
60.1%
UgandaKenya...
60.1%
KyrgyzstanUzbekistan...
60%
LebanonIsrael...
59.9%
MozambiqueMalawi...
59.6%
IndonesiaPapua New Guinea...
59.5%
Republic of the CongoAngola...
59.4%
MonacoFrance
59.3%
SomaliaKenya...
59.3%
ZambiaAngola...
59.3%
Country Bordering Country % Correct
TanzaniaZambia...
59.2%
Dominican RepublicHaiti
59.2%
TajikistanKyrgyzstan...
58.9%
GuyanaSuriname...
58.7%
BotswanaZimbabwe...
58.6%
ArmeniaGeorgia...
58.5%
HaitiDominican Republic
58.5%
San MarinoItaly
58.2%
TunisiaLibya...
58.1%
EswatiniMozambique...
58%
NicaraguaHonduras...
57.8%
PanamaCosta Rica...
57.8%
EritreaEthiopia...
57.8%
AlbaniaMontenegro...
57.8%
SurinameGuyana...
57.7%
Costa RicaPanama...
57.6%
QatarSaudi Arabia
57.6%
Cote d'IvoireGhana...
57.6%
MaliMauritania...
57%
MoroccoAlgeria...
57%
LesothoSouth Africa
56.9%
DjiboutiSomalia...
56.6%
NamibiaBotswana...
56.4%
RwandaBurundi...
56.4%
SloveniaAustria...
56.2%
El SalvadorGuatemala...
56.1%
BelizeMexico...
55.5%
LiechtensteinSwitzerland...
55.2%
CameroonGabon...
54.8%
BhutanIndia...
54.5%
Burkina FasoGhana...
53.4%
GuineaGuinea-Bissau...
52.6%
AngolaNamibia...
52%
TogoBenin...
51.3%
BeninTogo...
51%
MauritaniaMali...
50.8%
SenegalThe Gambia...
50.6%
Papua New GuineaIndonesia
50.5%
GhanaBurkina Faso...
49.9%
LiberiaSierra Leone...
49.5%
MoldovaUkraine...
49.5%
Guinea-BissauGuinea...
47.8%
BurundiRwanda...
47%
Timor-LesteIndonesia
46.8%
MalawiTanzania...
45.7%
Sierra LeoneLiberia...
44.9%
BruneiMalaysia
43.3%
GabonCameroon...
42.5%
The GambiaSenegal
41.9%
Equatorial GuineaGabon...
41.5%
South SudanEthiopia...
31.7%

From the Vault

Top 25 Cities of Madagascar on a Map

by SpanishSpy

Geography 10m
"You may say that I'm a Lemur, but I'm not the only one..."
Remove Ads.
Support Sporcle.
Get the best of Sporcle when you Go Orange. This ad-free experience offers more features, more stats, and more fun while also helping to support Sporcle. Thank you for becoming a member.

Show Comments

Extras

Top Quizzes Today


Score Distribution

Your Account Isn't Verified!

In order to create a playlist on Sporcle, you need to verify the email address you used during registration. Go to your Sporcle Settings to finish the process.

Report this User

Report this user for behavior that violates our Community Guidelines.

Details: